000 01825cam a22004814i 4500
003 PE-LiUPU
005 20250731173256.0
008 150625s r 000 0 d
020 _a8476459211
035 _a(Sirsi) i9788476459218
040 _aPE-LiUPU
_bspa
_cPE-LiUPU
_erda
049 _aPRUA
082 0 4 _a259.2
_bO73
_221
100 1 _aOrtiz, Félix,
_eautor.
245 1 0 _aExpediente X :
_bIdeas y recursos para el estudiante cristiano /
_cFéliz Ortiz.
264 1 _aBarcelona :
_bEditorial Clie,
_c1996.
300 _a400 páginas :
_bilustraciones,gráficos ;
_c30 centímetros
336 _atext
_2rdacontent
337 _aunmediated
_2rdamedia
338 _avolume
_2rdacarrier
490 0 _aRecursos
505 0 _aEsto mismo te puede pasar a ti. - ¿Cómo son tus compañeros?.-Ser cristiano vale la pena. Las relaciones chico/a. -¿Qué desafíos encontrarás?. -La operación de rescate más grande de la historia. -Ayudas importantes. -Entiéndete a ti mismo.
526 _aSEG42
526 _aSEG41
526 _aSEG40
526 _aSEG39
526 _aP94
526 _aP87
526 _aP86
526 _aP85
526 _aP77
526 _aP76
526 _aP35
541 _g0001402;
650 0 4 _aComics
_xAspectos religiosos.
650 0 4 _aJóvenes e iglesia.
650 0 4 _aTrabajo de iglesia con jóvenes (Iglesia Bautista).
942 _2ddc
_cBOOK
949 _a259.2 O73
_wDEWEY
_c1
_i55093
_lCCODEBUL1
_mBUL
_p21.00
_r0
_sY
_tBOOK
_u2015-6-25
_xTEOLOGIA
_zUNKNOWN
_0COMPRA
_o.STAFF. Colección General
994 _aC0
_bPEPRU
596 _a1
999 _a259.2 O73
_wDEWEY
_c43709
_i55093
_f2021-11-10
_g5
_lCCODEBUL1
_mBUL
_p21.00
_r0
_sY
_tBOOK
_u2015-6-25
_xTEOLOGIA
_zUNKNOWN
_0COMPRA
_o.STAFF. Colección General
_d43709
980 _81
_gALBERTO SANCHEZ Responsable de Automatización